Pitman new era shorthand key: (Record no. 4897)

MARC details
000 -LEADER
fixed length control field 00589nam a22002297a 4500
003 - CONTROL NUMBER IDENTIFIER
control field LK-CoMWRAF
005 - DATE AND TIME OF LATEST TRANSACTION
control field 20240527132501.0
008 - FIXED-LENGTH DATA ELEMENTS--GENERAL INFORMATION
fixed length control field 240527b1988 |||||||| |||| 00| 0 eng d
020 ## - INTERNATIONAL STANDARD BOOK NUMBER
International Standard Book Number 0273029010
040 ## - CATALOGING SOURCE
Original cataloging agency LK-CoMWRAF
Modifying agency LK-CoMWRAF
Description conventions LK-CoMWRAF
041 ## - LANGUAGE CODE
Language code of text/sound track or separate title English
082 ## - DEWEY DECIMAL CLASSIFICATION NUMBER
Classification number 653.424
Item number PIT
942 ## - ADDED ENTRY ELEMENTS (KOHA)
Koha item type Books
700 ## - ADDED ENTRY--PERSONAL NAME
Personal name O'Dea, Audrey
700 ## - ADDED ENTRY--PERSONAL NAME
Personal name Sykes, Joan
700 ## - ADDED ENTRY--PERSONAL NAME
Personal name Watson, Jule
700 ## - ADDED ENTRY--PERSONAL NAME
Personal name Williams, Pamela
245 ## - TITLE STATEMENT
Title Pitman new era shorthand key:
Remainder of title anniversary edition
260 ## - PUBLICATION, DISTRIBUTION, ETC. (IMPRINT)
Place of publication, distribution, etc. London:
Name of publisher, distributor, etc. Pitman publishing,
Date of publication, distribution, etc. 1988
300 ## - PHYSICAL DESCRIPTION
Extent 62 p.
650 ## - SUBJECT ADDED ENTRY--TOPICAL TERM
Topical term or geographic name as entry element SHORTHAND
Holdings
Withdrawn status Lost status Damaged status Not for loan Permanent Location Current Location Date acquired Full call number Barcode Koha item type
        Resource center, Muslim Women's Research And Action Forum Resource center, Muslim Women's Research And Action Forum 2024-05-27 653.424 PIT RAF5259 Books

Copyright © 2023 Muslim Women's Research and Action Forum (MWRAF), No 27/3, Anderson Road, Kalubowila, Dehiwela. Funded by The Asia Fundation